Classroom management : (Record no. 17609)
[ view plain ]
| 000 -LEADER | |
|---|---|
| fixed length control field | 01846aam a2200325 a 4500 |
| 001 - CONTROL NUMBER | |
| control field | 013789232 |
| 003 - CONTROL NUMBER IDENTIFIER | |
| control field | Uk |
| 005 - DATE AND TIME OF LATEST TRANSACTION | |
| control field | 20131008151628.0 |
| 008 - FIXED-LENGTH DATA ELEMENTS--GENERAL INFORMATION | |
| fixed length control field | 070608s2007 ctua rb 001 0 eng |
| 010 ## - LIBRARY OF CONGRESS CONTROL NUMBER | |
| LC control number | 2007023757 |
| 015 ## - NATIONAL BIBLIOGRAPHY NUMBER | |
| National bibliography number | GBA753327 |
| Source | bnb |
| 020 ## - INTERNATIONAL STANDARD BOOK NUMBER | |
| International Standard Book Number | 0275996700 (pbk.) |
| 020 ## - INTERNATIONAL STANDARD BOOK NUMBER | |
| International Standard Book Number | 9780275996703 (pbk.) |
| 040 ## - CATALOGING SOURCE | |
| Original cataloging agency | StDuBDS |
| Language of cataloging | eng |
| Transcribing agency | StDuBDS |
| Modifying agency | Uk |
| 042 ## - AUTHENTICATION CODE | |
| Authentication code | ukblsr |
| 050 00 - LIBRARY OF CONGRESS CALL NUMBER | |
| Classification number | LB3011 |
| Item number | .T38 2007 |
| 082 00 - DEWEY DECIMAL CLASSIFICATION NUMBER | |
| Classification number | 371.1024 |
| Edition number | 22 |
| Item number | TAU |
| 100 1# - MAIN ENTRY--PERSONAL NAME | |
| Personal name | Tauber, Robert T. |
| 9 (RLIN) | 33938 |
| 245 10 - TITLE STATEMENT | |
| Title | Classroom management : |
| Remainder of title | Sound theory and effective practice / |
| Statement of responsibility, etc | Robert T. Tauber. |
| 250 ## - EDITION STATEMENT | |
| Edition statement | 4th ed. |
| 260 ## - PUBLICATION, DISTRIBUTION, ETC. (IMPRINT) | |
| Place of publication, distribution, etc | Westport, Conn. ; |
| -- | London : |
| Name of publisher, distributor, etc | Praeger, |
| Date of publication, distribution, etc | c2007. |
| 300 ## - PHYSICAL DESCRIPTION | |
| Extent | xxv, 398 p. : |
| Other physical details | ill. ; |
| Dimensions | 24 cm. |
| 504 ## - BIBLIOGRAPHY, ETC. NOTE | |
| Bibliography, etc | Includes bibliographical references (p. 371-386) and indexes. |
| 505 0# - FORMATTED CONTENTS NOTE | |
| Formatted contents note | Introduction : some straight talk on discipline -- Democracy and discipline : how one influences the other -- Theoretical frameworks for selecting a discipline model -- James Dobson : a place for punishment -- Lee and Marlene Canter : assertive discipline: a "take-charge" approach to classroom management -- Fredric H. Jones : tools for teaching -- Rudolf Dreikurs : social discipline -- William Glasser : reality therapy, choice theory, and quality schools -- Thomas Gordon : teacher effectiveness training -- Other noted authors : what they have to say about discipline -- Classroom management-related articles : some surprises -- "A" through "Z" suggestions for more effective classroom management -- Acting and discipline -- Bullying -- Violence in today's schools. |
| 650 #0 - SUBJECT ADDED ENTRY--TOPICAL TERM | |
| Topical term or geographic name as entry element | Classroom management |
| Geographic subdivision | United States. |
| 9 (RLIN) | 33716 |
| 650 #0 - SUBJECT ADDED ENTRY--TOPICAL TERM | |
| Topical term or geographic name as entry element | School discipline |
| Geographic subdivision | United States. |
| 9 (RLIN) | 33939 |
| 653 ## - INDEX TERM--UNCONTROLLED | |
| Resource For college | |
| Arrived date list | October2013 |
| 856 41 - ELECTRONIC LOCATION AND ACCESS | |
| Materials specified | Table of contents only |
| Uniform Resource Identifier | <a href="http://www.loc.gov/catdir/toc/ecip0720/2007023757.html">http://www.loc.gov/catdir/toc/ecip0720/2007023757.html</a> |
| 942 ## - ADDED ENTRY ELEMENTS (KOHA) | |
| Source of classification or shelving scheme | Dewey Decimal Classification |
| Item type | Book - Borrowing |
| Withdrawn status | Item status | Source of classification or shelving scheme | Damaged status | Not for loan | Vendor | Home library | Current library | Shelving location | Date acquired | Source of acquisition | Cost, normal purchase price | Serial Enumeration / chronology | Total Checkouts | Full call number | Barcode | Date last seen | Date last borrowed | Koha item type |
|---|---|---|---|---|---|---|---|---|---|---|---|---|---|---|---|---|---|---|
| Dewey Decimal Classification | Baccah | Central Library | Central Library | First floor | 08/10/2013 | 423.00 | 18079 | 2 | 371.1024 TAU | 000029214 | 15/07/2025 | 16/04/2019 | Book - Borrowing |